Advanced linear algebra

Αποθηκεύτηκε σε:
Λεπτομέρειες βιβλιογραφικής εγγραφής
Κύριος συγγραφέας: Loehr Nicholas (Συγγραφέας)
Μορφή: Βιβλίο
Γλώσσα:English
Δημοσίευση: New York : CRC Press, c2014.
Σειρά:Textbooks in mathematics
Θέματα:
Ετικέτες: Προσθήκη ετικέτας
Δεν υπάρχουν, Καταχωρήστε ετικέτα πρώτοι!

MARC

LEADER 00000nam a2200000 a 4500
001 1/107661
008 150724t2014####nyu| ||| |||| ||eng||
020 |a 9781466559011  |q (σκληρό εξώφυλλο) 
040 |a GR-MyUa  |b gre  |c GR-MyUa  |e AACR2 
041 0 |a eng 
082 7 |a 512.5   |2 (23)  
100 1 |a Loehr Nicholas,  |e aut 
245 1 0 |a Advanced linear algebra /   |c Nicholas Loehr.  
260 |a New York :   |b CRC Press,   |c c2014.  
300 |a 610 σ. :   |b διαγρ. ;   |c 25 εκ.  
490 1 |a Textbooks in mathematics  
504 |a Περιλαμβάνει βιβλιογραφία και ευρετήριο.  
650 0 |a Algebras, Linear. 
830 0 |a Textbooks in mathematics 
852 |a INST  |b CHIOS  |e 20150724  |h 512.5 LOE  |p 005200037412  |q 005200037412  |t BK  |y 0 
922 |a 2ΕΛΗ  |b 2015-04  |c ΤΑΚ/ΤΜΟΔ  |d ΔΡΕΣ 
970 |a Πουλάκη  |b Στέλλα  |z 24-07-2015